| 000 | 00683nam a2200253Ia 4500 | ||
|---|---|---|---|
| 003 | OSt | ||
| 005 | 20220926014130.0 | ||
| 006 | a|||||r|||| 00| 0 | ||
| 007 | ta | ||
| 008 | 220923b |||||||| |||| 00| 0 eng d | ||
| 020 | _a0023640502 | ||
| 037 | _cGeneral Book | ||
| 040 |
_aRTL _cRTL _beng |
||
| 041 |
_2eng _aeng |
||
| 082 | _aU672(JB):(G:5), M7 | ||
| 100 |
_aKimmins J P _9313540 |
||
| 245 | 0 | _aForest ecology | |
| 260 |
_aNew York _bMacmillan Publishers U S A _c1987 |
||
| 300 |
_a531p. _ccm. |
||
| 500 | _aBip p. 493-524 | ||
| 650 | _aAgricultural Geography | ||
| 942 |
_hU672(JB):(G:5), M7 _cGB _2CC |
||
| 999 |
_c627958 _d627958 |
||